Ekonomické a sociálne súvislosti vstupu SR do EÚ - prínosy a riziká Vstup do Európskej menovej únie

Vstup do Európskej menovej únie (EMÚ). Vznik a história EMÚ. Empirické štúdie o optimálnej menovej oblasti. Približovanie Slovenska EMÚ. Odporúčania pre hospodársku politiku Slovenska, aby mohlo vstúpiť pripravené do EMÚ.

Gespeichert in:
Bibliographische Detailangaben
Format: Buchkapitel
Sprache:Slowakisch
Schlagworte:
Tags: Tag hinzufügen
Keine Tags, Fügen Sie das erste Tag hinzu!

MARC

LEADER 00000naa a2200000 4500
001 r047896
005 20230927091657.5
041 0 |a slo 
044 |a SK 
245 1 0 |a Ekonomické a sociálne súvislosti vstupu SR do EÚ - prínosy a riziká  |b Vstup do Európskej menovej únie 
520 |a Vstup do Európskej menovej únie (EMÚ). Vznik a história EMÚ. Empirické štúdie o optimálnej menovej oblasti. Približovanie Slovenska EMÚ. Odporúčania pre hospodársku politiku Slovenska, aby mohlo vstúpiť pripravené do EMÚ. 
610 2 0 |a únie menové 
610 2 0 |a história 
610 2 0 |a politika hospodárska 
610 2 0 |a Slovensko 
610 2 0 |a Európska menová únia